Größte Städte Bayerns - Extrem - Statistiken

Allgemein
  • Dieses Quiz wurde 997 mal gespielt
  • Das Durchschnittsergebnis liegt bei 46 aus 75
Antwortstatistiken
Einwohner Stadt % Korrekt
1.512.491 München
99%
523.026 Nürnberg
99%
301.033 Augsburg
98%
131.433 Fürth
96%
157.443 Regensburg
96%
141.029 Ingolstadt
95%
127.810 Würzburg
95%
116.562 Erlangen
93%
74.506 Bayreuth
92%
72.444 Aschaffenburg
90%
79.935 Bamberg
90%
53.907 Passau
90%
64.403 Rosenheim
87%
46.656 Hof
86%
70.056 Kempten
86%
75.457 Landshut
86%
61.043 Neu-Ulm
83%
54.675 Schweinfurt
83%
41.842 Coburg
80%
48.195 Dachau
79%
45.857 Memmingen
78%
42.534 Amberg
77%
42.221 Ansbach
77%
27.482 Garmisch-Partenkirchen⁠
77%
49.339 Freising
75%
36.813 Erding
74%
49.164 Straubing
74%
43.052 Weiden
72%
35.172 Deggendorf
71%
37.695 Fürstenfeldbruck
70%
25.367 Roth
70%
45.792 Kaufbeuren
69%
25.846 Lindau
69%
29.551 Landsberg am Lech
68%
40.808 Neumarkt
66%
21.251 Traunstein
63%
25.873 Unterhaching⁠
63%
41.227 Schwabach
62%
23.741 Starnberg
61%
25.818 Kulmbach
60%
26.943 Pfaffenhofen
60%
32.972 Forchheim
59%
30.467 Neuburg
56%
29.990 Schwandorf
56%
23.037 Bad Kissingen
55%
20.607 Dingolfing
54%
21.486 Günzburg
52%
22.945 Kitzingen
49%
20.217 Lichtenfels
47%
41.355 Germering
46%
29.523 Unterschleißheim
46%
26.420 Lauf an der Pegnitz
45%
27.927 Olching
44%
30.407 Friedberg
43%
21.908 Aichach
42%
21.009 Nördlingen
42%
25.623 Geretsried
41%
23.056 Weilheim
41%
26.234 Zirndorf
39%
21.697 Mühldorf
38%
21.102 Traunreut
36%
24.404 Herzogenaurach
35%
28.231 Königsbrunn
35%
25.530 Vaterstetten⁠
32%
21.859 Sonthofen
31%
22.555 Haar⁠
30%
24.488 Waldkraiburg
28%
22.430 Ottobrunn⁠
27%
20.590 Neufahrn
25%
22.069 Karlsfeld⁠
24%
21.276 Gauting⁠
23%
22.872 Neusäß
23%
22.896 Senden
22%
23.274 Gersthofen
21%
21.420 Puchheim
19%
Keine übereinstimmenden Quizze gefunden
Verteilung der Resultate
Anzahl Personen mit jedem Resultat
Perzentil nach korrekt beantworteten Fragen
Ihre Resultats-Entwicklung
Sie haben dieses Quiz noch nicht gespielt